[Event "Dhaka Metropolis op U2100"]
[Site "Dhaka"]
[Date "2022.10.19"]
[Round "3"]
[White "Hossain, Belal"]
[Black "Chowdhury, Sohel"]
[Result "1/2-1/2"]
[WhiteElo "1786"]
[BlackElo "2036"]
[PlyCount "81"]
[EventDate "2022.10.17"]
[EventType "swiss"]
[EventRounds "9"]
[EventCountry "BAN"]
[SourceTitle "EXT 2024"]
[Source "ChessBase"]
[SourceDate "2023.10.10"]
[SourceVersion "1"]
[SourceVersionDate "2023.10.10"]
[SourceQuality "1"]

1. d4 d5 2. c4 c6 3. Nc3 Nf6 4. Nf3 e6 5. Bg5 dxc4 6. a4 Bb4 7. Qc2 Qa5 8. Bxf6 gxf6 9. e3 b5 10. Be2 Nd7 11. 0-0 Qb6 12. Rfb1 Bb7 13. b3 Bxc3 14. Qxc3 cxb3 15. Rxb3 a6 16. a5 Qc7 17. Rc1 Rc8 18. Qb4 Rg8 19. Rbc3 Qd8 20. Ne1 Qe7 21. Qb1 f5 22. Bf3 Qd6 23. Nd3 Ke7 24. Qc2 Rc7 25. Nc5 Nxc5 26. Rxc5 Rgc8 27. g3 Qd8 28. Kg2 Rd7 29. Qc3 Rd6 30. Qb4 Ke8 31. h3 Qe7 32. Qb1 Qd8 33. Qb4 Qe7 34. Qc3 Qf6 35. Qc2 Qd8 36. Ra1 Qf6 37. Qc3 Qd8 38. Rh1 Qf6 39. Qc2 Qd8 40. g4 Qxa5 41. gxf5 1/2-1/2

[Event "Dhaka Bangabandhu op-B"]
[Site "Dhaka"]
[Date "2021.03.16"]
[Round "8"]
[White "Md, Aminul Islam"]
[Black "Hossain, Belal"]
[Result "1/2-1/2"]
[WhiteElo "1891"]
[BlackElo "1817"]
[PlyCount "143"]
[EventDate "2021.03.09"]
[EventType "swiss"]
[EventRounds "9"]
[EventCountry "BAN"]
[SourceTitle "CBM 201 Extra"]
[Source "ChessBase"]
[SourceDate "2021.05.31"]
[SourceVersion "1"]
[SourceVersionDate "2021.05.31"]
[SourceQuality "1"]

1. d4 Nf6 2. Nf3 c5 3. c3 e6 4. Bg5 d5 5. e3 h6 6. Bh4 Nbd7 7. Nbd2 Qb6 8. Qb3 c4 9. Qxb6 axb6 10. a3 b5 11. Rc1 Bd6 12. Be2 g5 13. Bg3 Bxg3 14. hxg3 g4 15. Ne5 Nxe5 16. dxe5 Nd7 17. Bxg4 Nxe5 18. Be2 Bd7 19. e4 Bc6 20. exd5 Bxd5 21. Nf3 Bxf3 22. gxf3 Ke7 23. f4 Nd7 24. Rh5 f5 25. Kd2 Nc5 26. Kc2 Ne4 27. Bf3 Nxf2 28. Bxb7 Rab8 29. Bc6 Rb6 30. Bf3 Rd6 31. Re1 Kf6 32. Re2 Nd3 33. Re3 Nc5 34. Rh2 Nb3 35. g4 fxg4 36. Bxg4 h5 37. Rxh5 Rxh5 38. Bxh5 Rd2+ 39. Kb1 Rf2 40. Re1 Rxf4 41. Be8 Rf5 42. Rd1 Ke7 43. Bd7 Rc5 44. Ka2 e5 45. Bf5 Kf6 46. Bc2 Na5 47. Be4 Kg5 48. Rf1 Nb3 49. Bc2 Na5 50. Rf5+ Kg4 51. Rf6 Kg3 52. Ra6 Nc6 53. Be4 Ne7 54. Rf6 Nd5 55. Bxd5 Rxd5 56. a4 bxa4 57. Ka3 Rb5 58. Rc6 Rb3+ 59. Kxa4 Rxb2 60. Rxc4 Kf3 61. Rc8 e4 62. c4 e3 63. c5 e2 64. Re8 Rb1 65. c6 e1Q 66. Rxe1 Rxe1 67. Kb5 Ke4 68. c7 Rc1 69. Kb6 Kd5 70. Kb7 Rb1+ 71. Ka7 Ra1+ 72. Kb7 1/2-1/2

[Event "BAN-chT 1st League"]
[Site "Dhaka"]
[Date "2021.03.06"]
[Round "10.1"]
[White "Hossain, Belal"]
[Black "Ahmed, Feroz"]
[Result "0-1"]
[WhiteElo "1817"]
[BlackElo "1959"]
[PlyCount "66"]
[EventDate "2021.02.25"]
[EventType "team-tourn"]
[EventRounds "11"]
[EventCountry "BAN"]
[SourceTitle "EXT 2022"]
[Source "ChessBase"]
[SourceDate "2021.10.06"]
[SourceVersion "1"]
[SourceVersionDate "2021.10.06"]
[SourceQuality "1"]
[WhiteTeam "Esoft Arena"]
[BlackTeam "Sultana Kamal Smirity Pathagar"]
[WhiteTeamCountry "BAN"]
[BlackTeamCountry "BAN"]

1. c4 Nf6 2. Nc3 e5 3. d3 Be7 4. Nf3 Nc6 5. g3 d5 6. cxd5 Nxd5 7. Bd2 0-0 8. Bg2 Be6 9. 0-0 a5 10. a3 Nb6 11. Be3 f5 12. Rc1 f4 13. Bxb6 cxb6 14. Ne4 h6 15. h3 fxg3 16. fxg3 Rc8 17. Kh2 Kh8 18. Qd2 Bf5 19. Qe3 b5 20. Nfd2 Nd4 21. g4 Be6 22. Nf3 Nxf3+ 23. Bxf3 Qd4 24. Qd2 b4 25. a4 Bb3 26. Ng3 Bg5 27. Rxc8 Rxc8 28. Qe1 Rc1 29. Qf2 Qxf2+ 30. Rxf2 Be3 31. Rf1 Rxf1 32. Nxf1 Bc1 33. Bxb7 Bxa4 0-1

[Event "BAN-chT 1st League"]
[Site "Dhaka"]
[Date "2021.03.01"]
[Round "5.1"]
[White "Ratan, Kumar Paul"]
[Black "Hossain, Belal"]
[Result "0-1"]
[WhiteElo "1719"]
[BlackElo "1817"]
[PlyCount "140"]
[EventDate "2021.02.25"]
[EventType "team-tourn"]
[EventRounds "11"]
[EventCountry "BAN"]
[SourceTitle "EXT 2022"]
[Source "ChessBase"]
[SourceDate "2021.10.06"]
[SourceVersion "1"]
[SourceVersionDate "2021.10.06"]
[SourceQuality "1"]
[WhiteTeam "Morning Glory"]
[BlackTeam "Esoft Arena"]
[WhiteTeamCountry "BAN"]
[BlackTeamCountry "BAN"]

1. e4 d5 2. exd5 Qxd5 3. Nc3 Qd6 4. Nf3 Nf6 5. Be2 Bf5 6. 0-0 e6 7. Nb5 Qd8 8. d3 c6 9. Nc3 Bd6 10. b3 0-0 11. Bb2 Nbd7 12. Nh4 Bg6 13. Nxg6 hxg6 14. Ne4 Bc7 15. Nxf6+ Nxf6 16. Bf3 Qd6 17. g3 Rfd8 18. Re1 Qc5 19. Qe2 Qf5 20. Be4 Qh3 21. Bg2 Qf5 22. Be4 Nxe4 23. Qxe4 Rd5 24. Qxf5 gxf5 25. Re2 g5 26. Rae1 g4 27. Kg2 Kh7 28. h4 Kg6 29. Rh1 Kh5 30. Rhe1 b5 31. Re3 a5 32. c4 Rd7 33. d4 a4 34. cxb5 cxb5 35. Rd1 Rd5 36. Rc3 Bd6 37. a3 axb3 38. Rxb3 Ra4 39. Rc1 f4 40. Rc8 f3+ 41. Kf1 f5 42. Re3 e5 43. Ke1 b4 44. Rc4 exd4 45. Re6 bxa3 46. Bc1 Re5+ 47. Rxe5 Rxc4 48. Rxf5+ Kg6 49. Rg5+ Kf6 50. Kd1 d3 51. Ra5 Bxg3 52. Bg5+ Ke6 53. Rxa3 Bxf2 54. Rxd3 Rd4 55. Rxd4 Bxd4 56. Bf4 Be5 57. Be3 g3 58. Ke1 Kf5 59. h5 Kg4 60. h6 g2 61. Kf2 Bh2 62. Ke1 g1Q+ 63. Bxg1 Bxg1 64. h7 Bd4 65. Kf1 Kg3 66. h8Q Bxh8 67. Kg1 Bd4+ 68. Kh1 Kf2 69. Kh2 Ke1 70. Kg3 f2 0-1

[Event "BAN-chT"]
[Site "Dhaka"]
[Date "2018.12.16"]
[Round "11.3"]
[White "Md Abu, Hanif"]
[Black "Hossain, Belal"]
[Result "1-0"]
[WhiteElo "2002"]
[BlackElo "1872"]
[PlyCount "125"]
[EventDate "2018.12.06"]
[EventType "team-tourn"]
[EventRounds "11"]
[EventCountry "BAN"]
[SourceTitle "CBM 187 Extra"]
[Source "ChessBase"]
[SourceDate "2018.11.04"]
[SourceVersion "1"]
[SourceVersionDate "2018.11.04"]
[SourceQuality "1"]
[WhiteTeam "Sonali Bank Sports"]
[BlackTeam "Sultana Kamal Smirity Pathagar"]
[WhiteTeamCountry "BAN"]
[BlackTeamCountry "BAN"]

1. d4 Nf6 2. Nf3 d5 3. Bf4 e6 4. e3 c5 5. c3 Nc6 6. Nbd2 Bd6 7. Bg3 0-0 8. Bd3 Ne7 9. 0-0 Bxg3 10. hxg3 Qc7 11. Qe2 b6 12. e4 dxe4 13. Nxe4 Bb7 14. Nxf6+ gxf6 15. dxc5 Qxc5 16. Nd4 Qd5 17. f3 Qc5 18. Qe3 e5 19. Qh6 f5 20. b4 Qc8 21. Qg5+ Ng6 22. Nxf5 Qd8 23. Qe3 Qf6 24. Be4 Rab8 25. Rad1 Rfd8 26. Nh6+ Kg7 27. Ng4 Qe7 28. Rxd8 Rxd8 29. Nh6 Bc8 30. Bf5 Qf6 31. Bxc8 Rxc8 32. Ng4 Qd6 33. Re1 f6 34. Nf2 Rd8 35. Rd1 Qe7 36. Rxd8 Qxd8 37. Ng4 Qd6 38. Qe4 Qd7 39. Ne3 Ne7 40. g4 h6 41. Kh2 b5 42. Nf1 Qd5 43. Qc2 Qc4 44. Ng3 Qf4 45. Kh3 Kf7 46. a4 a6 47. axb5 axb5 48. Qd3 Qc4 49. Qh7+ Ke6 50. Qxh6 Qf4 51. Qh7 Qc1 52. Qd3 Nd5 53. Qf5+ Ke7 54. Qh7+ Kd6 55. g5 Nf4+ 56. Kg4 Nxg2 57. gxf6 Qf4+ 58. Kh3 Qxf3 59. Qe7+ Kc6 60. Qc5+ Kd7 61. Qxb5+ Ke6 62. Qe8+ Kd6 63. Qd8+ 1-0

[Event "BAN-chT"]
[Site "Dhaka"]
[Date "2018.12.12"]
[Round "7.5"]
[White "Abu Sufian, Sakil"]
[Black "Hossain, Belal"]
[Result "1-0"]
[WhiteElo "2230"]
[BlackElo "1872"]
[PlyCount "63"]
[EventDate "2018.12.06"]
[EventType "team-tourn"]
[EventRounds "11"]
[EventCountry "BAN"]
[SourceTitle "CBM 187 Extra"]
[Source "ChessBase"]
[SourceDate "2018.11.04"]
[SourceVersion "1"]
[SourceVersionDate "2018.11.04"]
[SourceQuality "1"]
[WhiteTeam "Bangladesh Navy"]
[BlackTeam "Sultana Kamal Smirity Pathagar"]
[WhiteTeamCountry "BAN"]
[BlackTeamCountry "BAN"]

1. e4 c6 2. d4 d5 3. Nc3 dxe4 4. Nxe4 Bf5 5. Ng3 Bg6 6. h4 h6 7. Nf3 Nd7 8. h5 Bh7 9. Bd3 Bxd3 10. Qxd3 e6 11. Bd2 Ngf6 12. 0-0-0 Be7 13. Kb1 a5 14. Qe2 Qb6 15. Ka1 a4 16. a3 Qa6 17. c4 0-0 18. Ne5 Rad8 19. Ng6 Rfe8 20. Nxe7+ Rxe7 21. Nf5 Ree8 22. Nd6 Rf8 23. Qf3 Nb6 24. c5 Nbd5 25. g4 Nh7 26. Rdg1 Rd7 27. g5 hxg5 28. Bxg5 f5 29. h6 Nxg5 30. Rxg5 Nf6 31. hxg7 Rxg7 32. Qh3 1-0

[Event "BAN-chT"]
[Site "Dhaka"]
[Date "2018.12.08"]
[Round "3.4"]
[White "Hossain, Belal"]
[Black "Hossain, Showkat Pollab"]
[Result "0-1"]
[WhiteElo "1872"]
[BlackElo "2131"]
[PlyCount "74"]
[EventDate "2018.12.06"]
[EventType "team-tourn"]
[EventRounds "11"]
[EventCountry "BAN"]
[SourceTitle "CBM 187 Extra"]
[Source "ChessBase"]
[SourceDate "2018.11.04"]
[SourceVersion "1"]
[SourceVersionDate "2018.11.04"]
[SourceQuality "1"]
[WhiteTeam "Sultana Kamal Smirity Pathagar"]
[BlackTeam "Sheikh Russel"]
[WhiteTeamCountry "BAN"]
[BlackTeamCountry "BAN"]

1. d4 f5 2. c4 Nf6 3. Nf3 g6 4. g3 Bg7 5. Bg2 0-0 6. 0-0 d6 7. Nc3 Qe8 8. Qb3 c6 9. d5 Na6 10. dxc6 bxc6 11. Nd4 Nc5 12. Qc2 Bd7 13. b4 Nfe4 14. e3 Nxc3 15. bxc5 dxc5 16. Qxc3 cxd4 17. exd4 e5 18. Be3 f4 19. gxf4 exf4 20. Bd2 Qf7 21. Be4 Qf6 22. Rad1 Rae8 23. f3 Bh3 24. Qd3 Qg5+ 25. Kf2 Bxd4+ 26. Ke1 Qh4+ 27. Ke2 c5 28. Bc3 Bxf1+ 29. Rxf1 Qxh2+ 30. Kd1 Rxe4 31. fxe4 Rd8 32. Bd2 Bf6 33. Qe2 Qxe2+ 34. Kxe2 g5 35. Rg1 Kf7 36. Rb1 Rd7 37. Rb5 f3+ 0-1

[Event "Dhaka Walton op"]
[Site "Dhaka"]
[Date "2018.05.31"]
[Round "6"]
[White "Shawket Bin, Osman Shaon"]
[Black "Hossain, Belal"]
[Result "1-0"]
[WhiteElo "2092"]
[BlackElo "1910"]
[PlyCount "105"]
[EventDate "2018.05.26"]
[EventType "swiss"]
[EventRounds "9"]
[EventCountry "BAN"]
[SourceTitle "CBM 184 Extra"]
[Source "ChessBase"]
[SourceDate "2018.06.28"]
[SourceVersion "1"]
[SourceVersionDate "2018.06.28"]
[SourceQuality "1"]

1. d4 Nf6 2. c4 c5 3. d5 d6 4. Nc3 g6 5. e4 Bg7 6. Nf3 0-0 7. Be2 a6 8. 0-0 Nbd7 9. h3 Rb8 10. a4 Ne8 11. Be3 Qa5 12. Qd2 Ne5 13. Nxe5 dxe5 14. Bg5 Qc7 15. d6 exd6 16. Nd5 Qd7 17. Be7 f5 18. Bxf8 Kxf8 19. f4 Kg8 20. fxe5 Bxe5 21. exf5 gxf5 22. Rxf5 Qd8 23. Rg5+ Ng7 24. Rf1 Be6 25. Bg4 Bf7 26. Kh1 b5 27. Qf2 Bxd5 28. cxd5 Qe7 29. axb5 axb5 30. Be6+ Kh8 31. Rg4 Ra8 32. b3 b4 33. Qf3 Re8 34. Qf7 Qxf7 35. Rxf7 Ra8 36. Kg1 h5 37. Rg5 Bd4+ 38. Kf1 c4 39. Rfxg7 Bxg7 40. Rxh5+ Bh6 41. Rxh6+ Kg7 42. Rh4 c3 43. Rc4 Ra3 44. Bf5 Rxb3 45. g4 Rb2 46. h4 Kf6 47. h5 Kg5 48. Ke1 Kh6 49. Kd1 Kg5 50. Kc1 Kh6 51. Rc6 Kg5 52. Rxd6 Rd2 53. Rb6 1-0

[Event "Dhaka Powertec op-B"]
[Site "Dhaka"]
[Date "2017.07.22"]
[Round "8"]
[White "Md Imamul, Haque"]
[Black "Hossain, Belal"]
[Result "1/2-1/2"]
[WhiteElo "1810"]
[BlackElo "1938"]
[PlyCount "137"]
[EventDate "2017.07.15"]
[EventType "swiss"]
[EventRounds "9"]
[EventCountry "BAN"]
[SourceTitle "EXT 2018"]
[Source "ChessBase"]
[SourceDate "2017.10.13"]
[SourceVersion "1"]
[SourceVersionDate "2017.10.13"]
[SourceQuality "1"]

1. d4 f5 2. c4 g6 3. Nc3 Nf6 4. Nf3 Bg7 5. e3 d6 6. g3 Nc6 7. Bg2 a6 8. b3 0-0 9. 0-0 e5 10. dxe5 dxe5 11. Ba3 Re8 12. Qxd8 Rxd8 13. Rad1 Be6 14. Ng5 Bf7 15. Nxf7 Kxf7 16. Nd5 Rac8 17. Nxf6 Bxf6 18. Bxc6 bxc6 19. f3 Ke6 20. Kf2 Be7 21. Bxe7 Kxe7 22. Ke2 Rd6 23. Rd2 a5 24. Rfd1 Rb8 25. c5 Rxd2+ 26. Rxd2 Rb5 27. Rc2 Ke6 28. e4 fxe4 29. fxe4 Rb4 30. Rc4 Rb5 31. Kf3 h5 32. g4 Kf6 33. h4 Ke6 34. g5 Kd7 35. Ke3 Kc8 36. Rc2 a4 37. bxa4 Rb4 38. Rf2 Rxa4 39. Rf6 Ra3+ 40. Kd2 Rxa2+ 41. Kc3 Rh2 42. Rxc6 Rxh4 43. Kd3 Rg4 44. Rxg6 Kb7 45. Kc4 Rxe4+ 46. Kd5 Re1 47. Rh6 e4 48. Rxh5 e3 49. Rh2 e2 50. Ke4 Rg1 51. Rxe2 Rxg5 52. Rc2 Kc6 53. Kd4 Rd5+ 54. Ke4 Rxc5 55. Rb2 Rc3 56. Kd4 Rc1 57. Ra2 Kd6 58. Ra6+ c6 59. Ra2 c5+ 60. Kd3 Rh1 61. Kc4 Rh4+ 62. Kc3 Kc6 63. Rb2 Kc7 64. Rb1 Kd6 65. Rd1+ Kc6 66. Rb1 Kd5 67. Rd1+ Rd4 68. Rxd4+ cxd4+ 69. Kd3 1/2-1/2

[Event "Dhaka Powertec op-B"]
[Site "Dhaka"]
[Date "2017.07.21"]
[Round "7"]
[White "Hossain, Belal"]
[Black "Ratan, Kumar Paul"]
[Result "1-0"]
[WhiteElo "1938"]
[BlackElo "1797"]
[PlyCount "157"]
[EventDate "2017.07.15"]
[EventType "swiss"]
[EventRounds "9"]
[EventCountry "BAN"]
[SourceTitle "EXT 2018"]
[Source "ChessBase"]
[SourceDate "2017.10.13"]
[SourceVersion "1"]
[SourceVersionDate "2017.10.13"]
[SourceQuality "1"]

1. d4 d5 2. c4 e6 3. Nc3 Nf6 4. Nf3 c5 5. cxd5 exd5 6. g3 Nc6 7. Bg2 Ne4 8. 0-0 cxd4 9. Nb5 Qb6 10. Nbxd4 Bc5 11. e3 Bg4 12. Qa4 0-0 13. Nxc6 Bxf3 14. Bxf3 Qxc6 15. Qc2 Rac8 16. Qd3 Bb6 17. b3 Qf6 18. Bxe4 dxe4 19. Qb1 Qf3 20. Ba3 Bc5 21. Bxc5 Rxc5 22. Qd1 Rfc8 23. Qxf3 exf3 24. h3 g6 25. Kh2 Rc2 26. g4 Rd2 27. Kg3 Rcc2 28. a4 Ra2 29. Rxa2 Rxa2 30. Rb1 Kg7 31. g5 Kf8 32. Kxf3 Ke7 33. Rc1 Kd7 34. Rc4 Ra1 35. Rd4+ Ke7 36. Rb4 b6 37. Rd4 Rb1 38. b4 Ra1 39. b5 Rg1 40. h4 Rh1 41. Kg2 Ra1 42. Kf3 Rh1 43. Ke2 Ra1 44. Kd3 Rf1 45. Rf4 Ra1 46. Kc3 Ke6 47. Kb2 Re1 48. Rf6+ Ke7 49. Kc3 Rc1+ 50. Kd3 Rd1+ 51. Ke2 Ra1 52. Rf4 Ra2+ 53. Kf3 Ra1 54. Rc4 Kd6 55. Kg3 Rg1+ 56. Kh2 Rf1 57. Kg2 Ra1 58. Rd4+ Ke7 59. f4 Re1 60. e4 Re3 61. f5 Ra3 62. f6+ Ke6 63. Rc4 Kd7 64. Rd4+ Kc7 65. e5 Re3 66. Rd5 Re4 67. Kf3 Re1 68. Kf4 Ra1 69. e6 fxe6 70. Rd4 Re1 71. Re4 Rf1+ 72. Ke5 Kd7 73. Rd4+ Ke8 74. Kxe6 Re1+ 75. Kd6 Kf7 76. Kc7 a6 77. Rd7+ Kf8 78. bxa6 Re4 79. h5 1-0

[Event "Dhaka SGS op"]
[Site "Dhaka"]
[Date "2017.06.09"]
[Round "7"]
[White "Hossain, Belal"]
[Black "Bhuiyan, Golam Mostafa"]
[Result "0-1"]
[WhiteElo "1952"]
[BlackElo "2107"]
[PlyCount "158"]
[EventDate "2017.06.03"]
[EventType "swiss"]
[EventRounds "9"]
[EventCountry "BAN"]
[SourceTitle "EXT 2024"]
[Source "ChessBase"]
[SourceDate "2023.10.10"]
[SourceVersion "1"]
[SourceVersionDate "2023.10.10"]
[SourceQuality "1"]

1. d4 Nf6 2. c4 e6 3. Nf3 b6 4. g3 Bb7 5. Bg2 Bb4+ 6. Bd2 a5 7. 0-0 0-0 8. a3 Be7 9. Nc3 d5 10. Ne5 h6 11. Rc1 Nbd7 12. cxd5 exd5 13. Nb5 c5 14. Bf4 cxd4 15. Nxd4 Nxe5 16. Bxe5 Bd6 17. Bxd6 Qxd6 18. Nb5 Qe5 19. Nd4 Rac8 20. e3 Ba6 21. Re1 Ne4 22. Qb3 Qf6 23. f3 Bc4 24. Qd1 Nc5 25. Bf1 Ne6 26. Bh3 Nxd4 27. Qxd4 Qxd4 28. exd4 Rcd8 29. Re5 a4 30. Kf2 b5 31. Re7 g6 32. Rce1 Kg7 33. R1e3 Kf6 34. Ke1 Rb8 35. Bd7 Rb7 36. Re8 Rxe8 37. Bxe8 Bb3 38. Kd2 b4 39. Re1 h5 40. Rc1 g5 41. Bc6 Rb6 42. Be8 Ke7 43. Re1+ Kf6 44. Rc1 bxa3 45. bxa3 Bc4 46. Bxa4 Ra6 47. Bd1 Rxa3 48. Rc3 Ra2+ 49. Rc2 Ra6 50. Be2 Bxe2 51. Kxe2 g4 52. fxg4 hxg4 53. Ke3 Re6+ 54. Kd3 Kg5 55. Rc5 Rd6 56. Ra5 f6 57. Ke3 Kf5 58. Rb5 Kg5 59. Ra5 f5 60. Ra8 Re6+ 61. Kd3 Rh6 62. Rg8+ Kf6 63. Rf8+ Kg6 64. Rd8 Rxh2 65. Ke3 Rg2 66. Kf4 Rf2+ 67. Ke5 Re2+ 68. Kxd5 Re3 69. Rg8+ Kf7 70. Rh8 Kg7 71. Rc8 Rxg3 72. Ke5 Rf3 73. d5 g3 74. Rc1 g2 75. Rg1 Rf2 76. d6 Kf7 77. Kd5 f4 78. Kc6 f3 79. d7 Rc2+ 0-1

[Event "Dhaka SGS op"]
[Site "Dhaka"]
[Date "2017.06.07"]
[Round "5"]
[White "Hossain, Belal"]
[Black "Md Abzid, Rahman"]
[Result "1-0"]
[WhiteElo "1952"]
[BlackElo "2090"]
[PlyCount "113"]
[EventDate "2017.06.03"]
[EventType "swiss"]
[EventRounds "9"]
[EventCountry "BAN"]
[SourceTitle "EXT 2019"]
[Source "ChessBase"]
[SourceDate "2018.10.10"]
[SourceVersion "1"]
[SourceVersionDate "2018.10.10"]
[SourceQuality "1"]

1. d4 f5 2. c4 Nf6 3. Nf3 g6 4. Nc3 Bg7 5. g3 0-0 6. Bg2 d6 7. d5 Nbd7 8. 0-0 Nb6 9. Qb3 e5 10. a4 h6 11. a5 Nbd7 12. Qc2 Nc5 13. b4 Na6 14. Rb1 e4 15. Nd2 Ng4 16. e3 Ne5 17. Ne2 Nd3 18. Ba3 b6 19. b5 Nac5 20. a6 g5 21. Bxc5 Nxc5 22. Nb3 Nd3 23. Nbd4 Bd7 24. Rbd1 Qe7 25. Nc1 Ne5 26. Qb3 Rae8 27. Kh1 h5 28. Nce2 Kf7 29. Rc1 Nd3 30. Rcd1 h4 31. Rxd3 exd3 32. Qxd3 Kg8 33. Ne6 Bxe6 34. dxe6 Kh8 35. Bd5 Be5 36. f4 gxf4 37. Nxf4 Bxf4 38. Rxf4 hxg3 39. hxg3 Qg5 40. Qd4+ Qf6 41. Qd1 Kg7 42. Kg2 Rh8 43. Qd4 Qxd4 44. exd4 Kf6 45. g4 Ke7 46. gxf5 Kf6 47. Kf3 Rh3+ 48. Ke4 Reh8 49. Bb7 R8h7 50. Kd5 R7h4 51. Rxh4 Rxh4 52. Bc8 Ke7 53. Bd7 Rf4 54. Kc6 Rxd4 55. Kb7 Rxc4 56. Kxa7 d5 57. Kb7 1-0

[Event "BAN-chT2"]
[Site "Dhaka"]
[Date "2016.11.05"]
[Round "3.1"]
[White "Hossain, Belal"]
[Black "Md, Asadujjaman"]
[Result "1-0"]
[WhiteElo "1945"]
[BlackElo "1853"]
[PlyCount "119"]
[EventDate "2016.11.03"]
[EventType "team-swiss"]
[EventRounds "7"]
[EventCountry "BAN"]
[SourceTitle "CBM 175 Extra"]
[Source "ChessBase"]
[SourceDate "2016.12.12"]
[SourceVersion "1"]
[SourceVersionDate "2016.12.12"]
[SourceQuality "1"]
[WhiteTeam "Esoft Arena"]
[BlackTeam "Bangladesh Police"]
[WhiteTeamCountry "BAN"]
[BlackTeamCountry "BAN"]

1. d4 Nf6 2. c4 d5 3. Nc3 c6 4. cxd5 cxd5 5. Bf4 a6 6. Qc2 Nc6 7. e3 Nh5 8. Bg3 Nxg3 9. hxg3 g6 10. Nf3 Bf5 11. Qd2 Nb4 12. Rc1 Rc8 13. a3 Nc6 14. Nh4 e6 15. Be2 g5 16. Nxf5 exf5 17. Bd3 Ne7 18. Qc2 Qd7 19. Qb3 Bg7 20. Kd2 h6 21. Na4 Rc6 22. Rxc6 Nxc6 23. Nc5 Qc8 24. Qxd5 f4 25. gxf4 gxf4 26. Qe4+ Kf8 27. Qxf4 h5 28. Bc4 Qe8 29. Ne6+ Kg8 30. Ng5 Nd8 31. Rh3 Rh6 32. Rf3 Rf6 33. Qg3 Qc6 34. Rxf6 Qxf6 35. Ne4 Qe7 36. Bd3 Ne6 37. Qb8+ Nf8 38. Qd6 Qh4 39. g3 Qh2 40. Ke2 h4 41. gxh4 Qxh4 42. Qg3 Qh5+ 43. Kd2 Qh6 44. Qg5 Qh2 45. Nf6+ Kh8 46. Qh5+ Qxh5 47. Nxh5 Bh6 48. Bf5 b6 49. Kd3 Ng6 50. Bxg6 fxg6 51. Nf6 Kg7 52. Nd5 b5 53. Nc7 Kf6 54. Nxa6 Kf5 55. Nc7 Kg4 56. f4 Kf3 57. Nxb5 g5 58. fxg5 Bxg5 59. e4 Bc1 60. b4 1-0

[Event "BAN-chT2"]
[Site "Dhaka"]
[Date "2016.11.03"]
[Round "1.1"]
[White "Hossain, Belal"]
[Black "Husain, Ejaz"]
[Result "1/2-1/2"]
[WhiteElo "1945"]
[BlackElo "2073"]
[PlyCount "52"]
[EventDate "2016.11.03"]
[EventType "team-swiss"]
[EventRounds "7"]
[EventCountry "BAN"]
[SourceTitle "CBM 175 Extra"]
[Source "ChessBase"]
[SourceDate "2016.12.12"]
[SourceVersion "1"]
[SourceVersionDate "2016.12.12"]
[SourceQuality "1"]
[WhiteTeam "Esoft Arena"]
[BlackTeam "BRAC University"]
[WhiteTeamCountry "BAN"]
[BlackTeamCountry "BAN"]

1. d4 Nf6 2. c4 e6 3. Nc3 Bb4 4. Bg5 c5 5. a3 Bxc3+ 6. bxc3 Qa5 7. Bd2 d6 8. Qc2 Qc7 9. e3 Nc6 10. Nf3 e5 11. d5 Na5 12. e4 b6 13. Bg5 Qe7 14. Bd3 h6 15. Bh4 g5 16. Bg3 Nh5 17. Nd2 Nf4 18. Bxf4 exf4 19. 0-0 Bd7 20. Rfe1 0-0 21. h3 f6 22. h4 g4 23. g3 Qe5 24. Nf1 h5 25. Ra2 f3 26. Ne3 Qe8 1/2-1/2

[Event "BAN-chB 42nd"]
[Site "Dhaka"]
[Date "2016.10.25"]
[Round "6"]
[White "Hossain, Belal"]
[Black "Uten"]
[Result "0-1"]
[WhiteElo "1995"]
[BlackElo "2141"]
[PlyCount "96"]
[EventDate "2016.10.20"]
[EventType "swiss"]
[EventRounds "11"]
[EventCountry "BAN"]
[SourceTitle "CBM 175 Extra"]
[Source "ChessBase"]
[SourceDate "2016.12.12"]
[SourceVersion "1"]
[SourceVersionDate "2016.12.12"]
[SourceQuality "1"]

1. e4 d6 2. d4 Nf6 3. Bd3 Nbd7 4. Nf3 e5 5. d5 Be7 6. Be3 0-0 7. c4 Re8 8. Nc3 Nf8 9. Qd2 Ng4 10. h3 Nxe3 11. Qxe3 f5 12. 0-0-0 f4 13. Qe2 c5 14. g3 Ng6 15. Rdg1 Bd7 16. Qc2 a6 17. h4 Rf8 18. h5 Nh8 19. g4 Nf7 20. Rh2 b5 21. Rhg2 Bg5 22. Kb1 Rb8 23. Rh2 Qa5 24. Nd2 Rb7 25. Nb3 Qc7 26. f3 Rfb8 27. Ne2 a5 28. Nd2 a4 29. cxb5 Bxb5 30. Bxb5 Rxb5 31. Nc4 Qa7 32. Rc1 Qa6 33. Ka1 Bd8 34. Nc3 Rb4 35. Nb1 Ng5 36. Rf2 Nf7 37. Nba3 Bh4 38. Rd2 h6 39. Qc3 Bd8 40. Qd3 Qb7 41. Rb1 Qa7 42. Rg2 R8b7 43. Rc2 Ba5 44. Nxa5 Qxa5 45. Nc4 Qa6 46. Nxe5 Qa8 47. Ng6 Rb3 48. Rc3 Qa5 0-1

[Event "BAN-chB 42nd"]
[Site "Dhaka"]
[Date "2016.10.21"]
[Round "2"]
[White "Zia, Tahsin Tajwar"]
[Black "Hossain, Belal"]
[Result "1-0"]
[WhiteElo "1641"]
[BlackElo "1995"]
[PlyCount "145"]
[EventDate "2016.10.20"]
[EventType "swiss"]
[EventRounds "11"]
[EventCountry "BAN"]
[SourceTitle "CBM 175 Extra"]
[Source "ChessBase"]
[SourceDate "2016.12.12"]
[SourceVersion "1"]
[SourceVersionDate "2016.12.12"]
[SourceQuality "1"]

1. e4 e6 2. d4 d5 3. Nd2 Nf6 4. e5 Nfd7 5. Bd3 c5 6. c3 Qb6 7. Ne2 Nc6 8. Nf3 h6 9. 0-0 g5 10. h3 Be7 11. a3 Rg8 12. b4 cxd4 13. cxd4 h5 14. Bb2 g4 15. hxg4 hxg4 16. Nd2 Bg5 17. b5 Na5 18. a4 Bxd2 19. Qxd2 Nb3 20. Qh6 Nxa1 21. Qh7 Rf8 22. Rxa1 Qd8 23. Ba3 Qg5 24. Bxf8 Nxf8 25. Qh2 Qd2 26. Qg3 Bd7 27. Qe3 Qb2 28. Qc1 Qxc1+ 29. Rxc1 Rc8 30. Rxc8+ Bxc8 31. Kh2 Nd7 32. Kg3 f5 33. exf6 Nxf6 34. Kf4 Ke7 35. Nc3 Kd6 36. Kg5 Nd7 37. Kf4 e5+ 38. Ke3 exd4+ 39. Kxd4 Nc5 40. Bc2 Ne6+ 41. Kd3 Ke5 42. Ne2 d4 43. g3 b6 44. Nf4 Nc5+ 45. Kc4 Be6+ 46. Nxe6 Nxe6 47. Bd1 Nc5 48. Bxg4 Nxa4 49. Kd3 Nb2+ 50. Kc2 Nc4 51. Be2 Nd6 52. Bd3 Nb7 53. f4+ Kf6 54. g4 Nd6 55. g5+ Kg7 56. f5 Kf7 57. Kd2 Ke7 58. Ke2 Nb7 59. f6+ Kf7 60. Bc4+ Kg6 61. f7 Kg7 62. Kd3 Nd6 63. Kxd4 Nxb5+ 64. Bxb5 Kxf7 65. Ke5 Kg6 66. Kf4 a5 67. Kg4 Kg7 68. Kf5 Kf7 69. g6+ Kg7 70. Kg5 a4 71. Bxa4 b5 72. Bxb5 Kg8 73. Kf6 1-0

[Event "BAN-chT"]
[Site "Dhaka"]
[Date "2015.12.06"]
[Round "1.2"]
[White "Mohammad, Javed"]
[Black "Hossain, Belal"]
[Result "1-0"]
[WhiteElo "2173"]
[BlackElo "1957"]
[PlyCount "29"]
[EventDate "2015.12.06"]
[EventType "team-tourn"]
[EventRounds "9"]
[EventCountry "BAN"]
[SourceTitle "EXT 2017"]
[Source "ChessBase"]
[SourceDate "2016.10.25"]
[SourceVersion "1"]
[SourceVersionDate "2016.10.25"]
[SourceQuality "1"]
[WhiteTeam "Bangladesh Navy U20"]
[BlackTeam "Sonali Bank Sports"]
[WhiteTeamCountry "BAN"]
[BlackTeamCountry "BAN"]

1. Nf3 d5 2. d4 Nf6 3. c4 c6 4. Nc3 e6 5. e3 Bb4 6. Bd2 0-0 7. Bd3 c5 8. a3 Bxc3 9. Bxc3 cxd4 10. Bxd4 Nc6 11. Bc3 Bd7 12. 0-0 Rc8 13. Ng5 g6 14. Qf3 Nh5 15. Qxh5 1-0